|
|
|
|
| LEADER |
00000cam a2200000 i 4500 |
| 001 |
1/48853 |
| 008 |
941103s1983 gr ||| | gre|| |
| 035 |
|
|
|a 1988
|l 10043451
|
| 040 |
|
|
|a GR-MyUA
|b gre
|e AACR2
|
| 041 |
1 |
|
|a gre
|h eng
|
| 082 |
0 |
|
|a 300
|
| 100 |
1 |
|
|a Einstein, Albert,
|d 1879-1955.
|
| 245 |
1 |
2 |
|a Ο σημερινός κόσμος /
|c Albert Einstein ; μετάφραση από τα αγγλικά Μίνας Ζωγράφου-Μεραναίου
|
| 250 |
|
|
|a 2η εκδ.
|
| 260 |
|
|
|a Αθήνα :
|b Μαρή,
|c 1983.
|
| 300 |
|
|
|a 192 σ. ;
|c 20 εκ.
|
| 650 |
0 |
0 |
|a Civilization, Modern
|y 20th century.
|
| 650 |
0 |
0 |
|a Science and civilization.
|
| 650 |
0 |
0 |
|a Jews.
|
| 700 |
1 |
|
|a Ζωγράφου-Μεραναίου, Μίνα,
|e trlf
|
| 852 |
|
|
|a INST
|b SAMOS
|e 19941103
|h 300 EIN
|p 005300002019
|q 005300002019
|t BK
|y 0
|
| 852 |
|
|
|a INST
|b SAMOS
|e 20040526
|h 300 EIN
|p 005300023329
|q 005300023329
|t BK
|y 0
|
| 901 |
|
|
|a BIBL3-2004-2
|
| 909 |
|
|
|a Σ
|b 107339
|
| 909 |
|
|
|a Σ
|b 011571
|
| 970 |
|
|
|a ΚΟΣΙΕΡΗΣ
|b ΧΡΗΣΤΟΣ
|z 2004/05/26
|